Quel roi ont-elles épousé ? (Mérovingiens) - Statistiques

Statistiques générales
  • Ce quiz a été pris 17 fois
  • Le résultat moyen est 6 sur 38
Statistiques - réponses
Hint Réponse % Correct
Frédégonde Chilpéric 1er (561-584)
67%
Clotilde I Clovis 1er (481-511)
67%
Brunehaut Sigebert 1er (561-575)
67%
Ingonde Clotaire 1er (511-561)
50%
Galswinthe Chilpéric 1er (561-584)
42%
Nanthilde Dagobert 1er (623-639)
25%
Marcowefa Caribert 1er (561-567)
17%
Théodechilde Caribert 1er (561-567)
17%
Méroflède Caribert 1er (561-567)
17%
Fulberte Caribert II (629-632)
17%
Bilichilde II Childéric II (662-675)
17%
Arnegonde Clotaire 1er (511-561)
17%
Radegonde Clotaire 1er (511-561)
17%
Bathilde Clovis II (639-657)
17%
Chimnechilde Sigerbert III (639-656)
17%
Ingeberge Caribert 1er (561-567)
8%
Faileube Childebert II (575-596)
8%
Audovère Chilpéric 1er (561-584)
8%
Gondioque Clodomir (511-524)
8%
Gondioque Clotaire 1er (511-561)
8%
Bertrude Clotaire II (584-629)
8%
Sichilde Clotaire II (584-629)
8%
Wulfégonde Dagobert 1er (623-639)
8%
Gomatrude Dagobert 1er (623-639)
8%
Suavegothe Thierry 1er (511-534)
8%
Ultrogothe Childebert 1er (511-558)
0%
Chunsine Clotaire 1er (511-561)
0%
Haldetrude Clotaire II (584-629)
0%
Evochilde Clovis 1er (481-511)
0%
Marcatrude Gontran (561-592)
0%
Austregilde Gontran (561-592)
0%
Vuldetrade Thibaut (548-555) & Clotaire 1er (511-561)
0%
Wisigarde Thibert 1er (534-548)
0%
Deoteria Thibert 1er (534-548)
0%
Bilichilde I Thibert II (596-612)
0%
Théoudehilde Thibert II (596-612)
0%
Ermenberge Thierry II (596-613)
0%
Clotilde II Thierry III (675-691)
0%
Aucun quiz correspondant
Distribution des résultats
% des personnes avec chaque résultat
Percentile par nombre de réponses
Votre historique - résultats
Vous n’avez pas pris ce quiz